| 000 -LEADER |
| fixed length control field |
01491nam a22001697a 4500 |
| 020 ## - INTERNATIONAL STANDARD BOOK NUMBER |
| ISBN |
9781527594135 |
| 082 ## - DEWEY DECIMAL CLASSIFICATION NUMBER |
| Classification number |
425.6 |
| Item number |
M6891 2023 |
| 245 ## - TITLE STATEMENT |
| Title |
Modal verbs and modality in literary and non-literary texts / edited by Monika Skorasiŷska |
| 260 ## - PUBLICATION, DISTRIBUTION, ETC. (IMPRINT) |
| Place of publication |
Lady Stephenson Library : |
| Name of publisher |
Cambridge Scholars Publishing, |
| Year of publication |
c2023. |
| 300 ## - PHYSICAL DESCRIPTION |
| Number of Pages |
1 online resource,167 pages: |
| Other physical details |
illustrations. |
| 500 ## - GENERAL NOTE |
| General note |
includes bibliographical references and index |
| 520 ## - SUMMARY, ETC. |
| Summary, etc |
Modal Verbs and Modality in Literary and Non-Literary Texts is a collection of research papers edited by Monika Skorasińska. It explores the concept of modality and the use of modal verbs across various types of texts, ranging from political speeches and academic writing to literature and technical documents. The book examines how words like must, can, could, would, and others express different meanings such as necessity, possibility, obligation, and certainty. It analyzes their functions in specific contexts, including the speeches of Winston Churchill, the comedies of Shakespeare, children’s literature like Alice's Adventures in Wonderland and The House at Pooh Corner, and even computer science texts. The studies show that the choice and meaning of modal verbs depend heavily on the genre, the speaker's intention, the audience, and the historical period.
|
| 650 ## - SUBJECT ADDED ENTRY--TOPICAL TERM |
| Topical Term |
Modality in literary and non-literary texts |
| 650 ## - SUBJECT ADDED ENTRY--TOPICAL TERM |
| Topical Term |
Modal verb |
| 700 ## - ADDED ENTRY--PERSONAL NAME |
| Personal name |
Skorasińska Monika, editor. |
| 942 ## - ADDED ENTRY ELEMENTS (KOHA) |
| Koha item type |
Electronic Books |